Deep Space Homer Quiz Stats

Quiz Updated Jan 20, 2012

Also try: Homer at the Bat
Challenge
Share
Tweet
Embed
Score 0/24 Timer 06:00
0 Plays Today
Question/Clue Answer % Correct
What does Homer smuggle on board the space craft?A bag of potato chips (''Careful, they’re ruffled!’’)
73.6%
What astronaut guest stars in this episode?Buzz Aldrin (''if that is your REAL name…'')
72.1%
When the ants see that Homer is about to crash into their Ant Farm, they get into a frantic argument over which one of them is ________.the Queen
71.6%
Mr. Burns presents the Worker of the Week Award, which he ultimately gives to __________.an inanimate carbon rod
69.2%
Who says the now-famous ''I, for one, welcome our new insect overlords.’’?Kent Brockman
65.1%
The Space Mission’s payload includes an IRS Surveillance Satellite, an Ant Farm, and a batch of children’s letters written to ______.God
63.2%
When Barney is told there will be no beer for the duration of the training, he says ''What? Three whole weeks with only ______? I’ll go crazy!’’wine
62.6%
What planet, according to Homer, would be the only dangerous place to send the space mission?The Planet of the Apes
62.1%
When the NASA board turns on the TV, they see Tim ''The Tool Man’’ Taylor accidentally kill ________ by backing over him with his ride-on lawnmower.Wilson
53.5%
Two feature films in particular are referenced three or more times in this episode. Name either of them.2001: A Space Odyssey, The Right Stuff
51.7%
What does Bart write on the back of Homer’s head?''Insert Brain Here’’ (and, at the end, ''Hero’’)
51.2%
Homer: ''Wow, former _______ James Taylor.’’president
48.1%
Question/Clue Answer % Correct
Who says ''Aw, of course he’ll make it—it’s TV.”?Grampa
45.3%
Barney blows the competition after the champagne toast by stealing a jetpack, skidding across the roof of a _________, and ultimately getting run over by a Marshmallow Truck.Pillow Factory
39%
NASA is unable to monitor the space craft because all of their equipment is actually just used to measure _________.TV ratings
38.3%
What question does the Head of NASA have to request that the reporters stop asking after he announces their ''Average Joe in Space’’ mission?Is this a joke?
36.3%
On the Time Magazine cover featured at the end, what does the caption read?''In Rod We Trust''
35.9%
''Sir, how would you like to get higher than you’ve ever been in your life?’’''Be an astronaut? Sure!”
33%
What celebrity did Homer miss meeting at the mall, thus teaching him a valuable lesson about taking advantage of every opportunity?Mr. T
32.8%
Bart says that he feels so full of—what’s the opposite of shame?Less shame
32.8%
At the beginning, the plant employees walk through a full body x-ray (''clean, clean, pistol, uzi, two kids posing as an adult…’’) in a nod to what 1990 sci-fi film?Total Recall
29.8%
As the space craft is making its dangerous re-entry, the other astronauts are humming the Battle Hymn of the Republic while Homer is singing about what breakfast cereal?Golden Grahams
24.9%
When the space craft crashes into a convention center, what type of convention is being held there?A ‘News Reporters Convention’
17.7%
So not to panic the astronauts, James Taylor changes his lyric 'Sweet dreams and flying machines, in pieces on the ground' to ‘sweet dreams and flying machines' doing what?flying safely through the air
14.6%

You're not logged in!

Compare scores with friends on all Sporcle quizzes.
Join for Free
OR
Log In

You Might Also Like...

Show Comments

Extras

Top Quizzes Today


Score Distribution

Your Account Isn't Verified!

In order to create a playlist on Sporcle, you need to verify the email address you used during registration. Go to your Sporcle Settings to finish the process.

Report this User

Report this user for behavior that violates our Community Guidelines.

Details: